[Event "Ambalangoda Dhamso op 11th"]
[Site "Ambalangoda"]
[Date "2024.05.21"]
[Round "10"]
[White "Samaraweera, Dimuth Indeepa"]
[Black "Senarathne, AAHMB"]
[Result "0-1"]
[WhiteElo "1819"]
[BlackElo "1728"]
[PlyCount "86"]
[EventDate "2024.05.17"]
[EventType "swiss"]
[EventRounds "10"]
[EventCountry "SRI"]
[SourceTitle "CBM 220 Extra"]
[Source "ChessBase"]
[SourceDate "2024.07.31"]
[SourceVersion "1"]
[SourceVersionDate "2024.07.31"]
[SourceQuality "1"]

1. d4 Nf6 2. c4 e6 3. g3 d5 4. Nf3 Bb4+ 5. Bd2 Be7 6. Bg2 b6 7. 0-0 c5 8. Qc2 Ba6 9. b3 Nbd7 10. Rd1 Rc8 11. Bf4 b5 12. dxc5 Bxc5 13. Qb2 Qe7 14. cxd5 exd5 15. e3 0-0 16. a3 Nh5 17. Be5 Nxe5 18. Nxe5 Nf6 19. Nf3 Rfd8 20. Nc3 Ng4 21. Nxd5 Rxd5 22. Rxd5 Bxe3 23. h3 Nxf2 24. Kh2 Nd3 25. Qa2 Nc1 26. Qb1 Qc7 27. Qf5 g6 28. Qe5 Nxb3 29. Qxc7 Rxc7 30. Re1 Bc5 31. a4 Kg7 32. Ne5 Bf2 33. Rb1 Rc3 34. Bf3 Nd4 35. Kg2 Be3 36. Rd7 Rc2+ 37. Kh1 Nxf3 38. Nxf3 Bc8 39. Rd3 Bc5 40. h4 Bf5 41. Rdb3 Rf2 42. Re1 Bh3 43. Rg1 Ra2 0-1

[Event "Ambalangoda Dhamso op 11th"]
[Site "Ambalangoda"]
[Date "2024.05.21"]
[Round "9"]
[White "Thilakarathne, GM Harshana"]
[Black "Samaraweera, Dimuth Indeepa"]
[Result "1-0"]
[WhiteElo "2361"]
[BlackElo "1819"]
[PlyCount "78"]
[EventDate "2024.05.17"]
[EventType "swiss"]
[EventRounds "10"]
[EventCountry "SRI"]
[SourceTitle "CBM 220 Extra"]
[Source "ChessBase"]
[SourceDate "2024.07.31"]
[SourceVersion "1"]
[SourceVersionDate "2024.07.31"]
[SourceQuality "1"]

1. e4 g6 2. d4 Bg7 3. Nc3 d6 4. Be3 a6 5. g4 b5 6. Bg2 Bb7 7. h4 h6 8. g5 h5 9. d5 c5 10. dxc6 Nxc6 11. Nge2 Rc8 12. 0-0 Qd7 13. f4 Qg4 14. Qe1 Na5 15. Kh2 Qd7 16. Bd4 Bxd4 17. Nxd4 Rc4 18. Rd1 Nc6 19. Qf2 e6 20. Ndxb5 axb5 21. Nxb5 d5 22. exd5 Nce7 23. b3 Rc8 24. c4 exd5 25. Nc3 Kf8 26. Nxd5 Bxd5 27. Bh3 Nf5 28. Rxd5 Qc7 29. Bxf5 gxf5 30. Qd4 Rh7 31. Rd7 Qc6 32. Kg3 Re8 33. c5 Rg7 34. Qd6+ Qxd6 35. Rxd6 Ne7 36. b4 Rg6 37. Rfd1 Re6 38. b5 Re3+ 39. Kf2 Ng6 1-0

[Event "SRI-chB"]
[Site "Mount Lavinia"]
[Date "2022.03.20"]
[Round "9"]
[White "Samaraweera, Dimuth Indeepa"]
[Black "Janukshan, B."]
[Result "1/2-1/2"]
[WhiteElo "1732"]
[BlackElo "1202"]
[PlyCount "156"]
[EventDate "2022.03.16"]
[EventType "swiss"]
[EventRounds "10"]
[EventCountry "SRI"]
[SourceTitle "EXT 2023"]
[Source "ChessBase"]
[SourceDate "2022.10.05"]
[SourceVersion "1"]
[SourceVersionDate "2022.10.05"]
[SourceQuality "1"]

1. d4 d5 2. c4 e6 3. Nf3 Nf6 4. g3 c5 5. cxd5 exd5 6. Bg2 Be6 7. 0-0 Be7 8. dxc5 Bxc5 9. Nc3 0-0 10. Bg5 Nbd7 11. Rc1 Rc8 12. e4 dxe4 13. Nxe4 Be7 14. Rxc8 Qxc8 15. Qa4 Qd8 16. Nxf6+ Bxf6 17. Bxf6 Qxf6 18. Qxa7 Qxb2 19. a4 Bd5 20. Nd4 Bxg2 21. Kxg2 Qb6 22. Qxb6 Nxb6 23. a5 Nc4 24. Nb3 f6 25. Rd1 Ra8 26. Rd5 b6 27. axb6 Nxb6 28. Rd6 Nc4 29. Rd7 Ne5 30. Rb7 Nd3 31. Nd4 Ne5 32. Nf5 Nf7 33. h4 g6 34. Ne3 Rd8 35. h5 Nd6 36. Re7 f5 37. Nd5 Ne8 38. Nf4 gxh5 39. Nxh5 Rc8 40. Kh3 Kf8 41. Rxh7 Rc2 42. f4 Rc6 43. Kh4 Rg6 44. Ra7 Rg4+ 45. Kh3 Rg6 46. Ra5 Nd6 47. Ra7 Ne8 48. Ra5 Nd6 49. Ra7 Ne8 50. Rh7 Kg8 51. Re7 Kf8 52. Ra7 Rh6 53. Kh4 Rg6 54. Rh7 Kg8 55. Rd7 Rg4+ 56. Kh3 Rg6 57. Re7 Kf8 58. Re5 Nd6 59. Ra5 Ke7 60. Ra7+ Kf8 61. Rd7 Ne8 62. Rh7 Kg8 63. Re7 Kf8 64. Ra7 Nd6 65. Rc7 Ne8 66. Rc1 Rh6 67. Kh4 Rg6 68. Rc5 Nd6 69. Kh3 Ke7 70. Re5+ Kf8 71. g4 Rxg4 72. Rxf5+ Nxf5 73. Kxg4 Nd4 74. Ng3 Kf7 75. Ne4 Ne6 76. f5 Ng7 77. f6 Ne8 78. Kf5 Nxf6 1/2-1/2

[Event "Delkanda Inter Club-chT"]
[Site "Delkanda"]
[Date "2021.03.01"]
[Round "8.2"]
[White "Liyanapathirana, Pasan Vindula"]
[Black "Samaraweera, Dimuth Indeepa"]
[Result "1-0"]
[WhiteElo "1868"]
[BlackElo "1744"]
[PlyCount "83"]
[EventDate "2021.02.26"]
[EventType "team-tourn"]
[EventRounds "9"]
[EventCountry "SRI"]
[SourceTitle "EXT 2022"]
[Source "ChessBase"]
[SourceDate "2021.10.06"]
[SourceVersion "1"]
[SourceVersionDate "2021.10.06"]
[SourceQuality "1"]
[WhiteTeam "Grand Prix CC"]
[BlackTeam "Super Knight CC"]
[WhiteTeamCountry "SRI"]
[BlackTeamCountry "SRI"]

1. e4 g6 2. d4 Bg7 3. Nc3 a6 4. a4 b6 5. f4 d5 6. Nxd5 e6 7. Nc3 Qxd4 8. Bd3 Bb7 9. e5 Nd7 10. Nf3 Qc5 11. Qe2 Qe7 12. Be4 Rb8 13. Bxb7 Rxb7 14. Qxa6 Rb8 15. Be3 Nh6 16. Nd4 Qb4 17. Nc6 Qxb2 18. Kd2 Nf5 19. Rhb1 Qxc3+ 20. Kxc3 Nxe3 21. Nxb8 Nd5+ 22. Kd2 Nxb8 23. Qb7 0-0 24. a5 Nxf4 25. a6 Nxa6 26. Rxa6 Rd8+ 27. Ke1 Bxe5 28. Ra8 Rxa8 29. Qxa8+ Kg7 30. Qe4 Bc3+ 31. Kf1 Nd5 32. Rd1 Kf6 33. Rxd5 exd5 34. Qf3+ Ke6 35. Qxc3 c5 36. Qb3 c4 37. Qxb6+ Ke5 38. c3 h5 39. h4 Kf5 40. Kf2 Kg4 41. Qf6 d4 42. Qg5# 1-0

[Event "SRI-chB"]
[Site "Maharaga"]
[Date "2020.03.14"]
[Round "8.11"]
[White "Samaraweera, Dimuth Indeepa"]
[Black "Liyanapathirana, Pasan Vindula"]
[Result "1-0"]
[WhiteElo "1624"]
[BlackElo "1880"]
[PlyCount "77"]
[EventDate "2020.03.06"]
[EventType "swiss"]
[EventRounds "11"]
[EventCountry "SRI"]
[SourceTitle "CBM 195 Extra"]
[Source "ChessBase"]
[SourceDate "2020.05.31"]
[SourceVersion "1"]
[SourceVersionDate "2020.05.31"]
[SourceQuality "1"]

1. d4 Nf6 2. c4 e6 3. g3 d5 4. Nf3 Be7 5. Bg2 0-0 6. 0-0 dxc4 7. Qc2 a6 8. Rd1 b5 9. Ng5 c6 10. e4 h6 11. Nh3 Nbd7 12. f4 Re8 13. Nf2 Bb7 14. g4 Nb6 15. g5 hxg5 16. fxg5 Nh7 17. g6 fxg6 18. e5 Nd5 19. Qxg6 Nf8 20. Qg4 Qd7 21. Bh6 Bd8 22. Ne4 Bb6 23. Nbc3 Nh7 24. Nxd5 cxd5 25. Nf6+ Nxf6 26. exf6 Rad8 27. Rf1 Rf8 28. Bxg7 Rf7 29. Qh4 Rxg7 30. fxg7 Qxg7 31. Rf4 e5 32. Rg4 Bxd4+ 33. Rxd4 Rd6 34. Rg4 Rg6 35. Qd8+ Kh7 36. Rxg6 Kxg6 37. Rf1 Kh7 38. Qh4+ Kg8 39. Rf5 1-0